Architectures of Refusal / (Record no. 609525)
[ view plain ]
| 000 -LEADER | |
|---|---|
| fixed length control field | 02003 a2200277 i 4500 |
| 001 - CONTROL NUMBER | |
| control field | 265282687 |
| 003 - CONTROL NUMBER IDENTIFIER | |
| control field | MePoLT |
| 005 - DATE AND TIME OF LATEST TRANSACTION | |
| control field | 20240610102559.0 |
| 020 ## - INTERNATIONAL STANDARD BOOK NUMBER | |
| International Standard Book Number | 9781119833963 |
| 038 ## - RECORD CONTENT LICENSOR | |
| Staff Name | Malang Jan |
| 040 ## - CATALOGING SOURCE | |
| Original cataloging agency | MePoLT |
| Transcribing agency | MePoLT |
| Description conventions | rda |
| 082 ## - DEWEY DECIMAL CLASSIFICATION NUMBER | |
| Classification number | 720.103 |
| Author Mark | ARC |
| 245 00 - TITLE STATEMENT | |
| Title | Architectures of Refusal / |
| Statement of responsibility, etc. | edited by Jill Stoner & Ozayr Saloojee |
| 264 #1 - PRODUCTION, PUBLICATION, DISTRIBUTION, MANUFACTURE, AND COPYRIGHT NOTICE | |
| Place of production, publication, distribution, manufacture | London: |
| Name of producer, publisher, distributor, manufacturer | John Wiley & Sons; |
| Date of production, publication, distribution, manufacture, or copyright notice | 2023. |
| 300 ## - PHYSICAL DESCRIPTION | |
| Extent | 136 p.: |
| Other physical details | ill; |
| Dimensions | 27cm. |
| 440 10 - SERIES STATEMENT/ADDED ENTRY--TITLE | |
| Title | Architectural design |
| 9 (RLIN) | 33235 |
| 490 10 - SERIES STATEMENT | |
| Series statement | Architectural design |
| Volume/sequential designation | vol:92,no:06 |
| 505 ## - FORMATTED CONTENTS NOTE | |
| Formatted contents note | <br/>Introduction Repair, Reworld: The Many Ways of Saying ‘No’ Chapter 2 Prologue: Drawing an Argument for Refusal Chapter 3 Centring Civilisation: Now and After the Apocalypse Chapter 4 Digital Doubles: The Major Agency of Minor Bits Chapter 5 Expanding Bodies: Pedagogical Models for Pluralistic Spatialities Chapter 6 Shebeen Operations: Navigating Deviance Chapter 7 Earth Versus FIFA: Resisting Globalisation on the Open Pitch Chapter 8 A Cottage to Breathe In: Refusing Museums, Making Homes Chapter 9 A Space of Problems: The Child-Cities of Columbus Chapter 10 Reclaiming Their Future: Riotous Resistance and Indigenous Creativity in South America's Highest Metropolis Chapter 11 The Eruv as Legal Fiction: Changing Rules in the Public Realm Chapter 12 From Altars to Alterity: Offerings and Inheritances for Queer Vietnamese Kin Chapter 13 101 Ways to Refuse a Wall Chapter 14 Meanwhile Bodies: Architecture Without Property Chapter 15 To Not Refuse Our Ravaged World Chapter 16 From Another Perspective – Balking in the Balkans: Lebbeus Woods – Zagreb Free Zone Revisited Contributors About Architectural Design |
| 520 ## - SUMMARY, ETC. | |
| Summary, etc. | Architectures of Refusal (Architectural Design) by Jill Stoner (2023) |
| 650 ## - SUBJECT ADDED ENTRY--TOPICAL TERM | |
| Topical term or geographic name entry element | Classes sociales |
| 9 (RLIN) | 123392 |
| 650 ## - SUBJECT ADDED ENTRY--TOPICAL TERM | |
| Topical term or geographic name entry element | Classes supérieures |
| 9 (RLIN) | 123393 |
| 700 1# - ADDED ENTRY--PERSONAL NAME | |
| Personal name | Stoner,Jill |
| 9 (RLIN) | 123294 |
| 700 1# - ADDED ENTRY--PERSONAL NAME | |
| Personal name | Saloojee,Ozayr |
| 9 (RLIN) | 123295 |
| 942 ## - ADDED ENTRY ELEMENTS (KOHA) | |
| Source of classification or shelving scheme | |
| Koha item type | Book |
| Withdrawn status | Lost status | Source of classification or shelving scheme | Damaged status | Not for loan | Permanent Location | Current Location | Date acquired | Source of acquisition | Full call number | Barcode | Date last seen | Copy number | Cost, replacement price | Price effective from | Koha item type |
|---|---|---|---|---|---|---|---|---|---|---|---|---|---|---|---|
| School of Art Design and Architecture (SADA) | School of Art Design and Architecture (SADA) | 06/03/2024 | Golden Books | 720.103 ARC 2022 | SADA0003033 | 06/06/2024 | 01 | 11016.71 | 06/06/2024 | Book |
